Statistics for 22静岡県の市区町村(選択形式)

Click here to take the quiz!

General Stats

  • This quiz has been taken 21 times
  • The average score is 30 of 43

Answers on the Map

Answers color-coded by a green-red scale on the quiz's map according to % correct below.
 

Answer Stats

Answer% Correct
14:富士宮市
93%
01:静岡市葵区
87%
03:静岡市清水区
87%
04:浜松市中区
87%
17:富士市
87%
26:湖西市
87%
28:御前崎市
87%
02:静岡市駿河区
80%
06:浜松市西区
80%
11:沼津市
80%
19:焼津市
80%
24:下田市
80%
05:浜松市東区
73%
07:浜松市南区
73%
10:浜松市天竜区
73%
15:伊東市
73%
18:磐田市
73%
23:袋井市
73%
31:牧之原市
73%
34:南伊豆町
73%
42:川根本町
73%
43:森町
73%
12:熱海市
67%
21:藤枝市
67%
22:御殿場市
67%
27:伊豆市
67%
29:菊川市
67%
32:東伊豆町
67%
33:河津町
67%
36:西伊豆町
67%
37:函南町
67%
39:長泉町
67%
41:吉田町
67%
09:浜松市浜北区
60%
13:三島市
60%
16:島田市
60%
30:伊豆の国市
60%
40:小山町
60%
08:浜松市北区
53%
20:掛川市
53%
38:清水町
53%
35:松崎町
47%
25:裾野市
33%

Score Distribution

Percentile by Number Answered

Percent of People with Each Score

Your Score History

You have not taken this quiz